Rules of Play

Guardat en:
Dades bibliogràfiques
Autor principal: Salen & Zimmerman
Format: Llibre
Publicat: MIT
Matèries:
Etiquetes: Afegir etiqueta
Sense etiquetes, Sigues el primer a etiquetar aquest registre!

MARC

LEADER 00000nam a2200000Ia 4500
005 20260427112710.0
526 |b Immersive Arts 
100 |a Salen & Zimmerman 
020 |a 9780262240451 
650 |a Game Design 
526 |a Masters 
942 |c BK 
245 |a Rules of Play 
260 |b MIT 
999 |c 81  |d 81 
952 |0 0  |1 0  |4 0  |7 0  |8 4  |a BRISTOL  |b BRISTOL  |d 2026-04-22  |l 0  |p 000122  |r 2026-04-27 11:27:11  |w 2026-04-27  |y BK